|
|
|
|
| LEADER |
00000nas a2200000 a 4500 |
| 001 |
ssj0000827855 |
| 003 |
WaSeSS |
| 005 |
20200512172242.0 |
| 006 |
m d |
| 007 |
cr n |
| 008 |
120506c19uu9999cauq| p|s|||||| |0eng d |
| 035 |
|
|
|a (WaSeSS)ssj0000827855
|
| 040 |
|
|
|a WaSeSS
|c WaSeSS
|d WaSeSS
|
| 050 |
|
4 |
|a HG3752.3
|
| 245 |
0 |
4 |
|a The commercial factor
|h [electronic resource].
|
| 260 |
|
|
|a Pismo Beach, Calif. :
|b International Factoring Association
|
| 310 |
|
|
|a Quarterly
|
| 506 |
|
|
|a License restrictions may limit access.
|
| 588 |
|
|
|a Description based on: Vol. 12, Issue 3 (Summer 2010); title from article pdf (Academic OneFile, viewed April 19, 2012).
|
| 588 |
|
|
|a Latest issue consulted: Vol. 13, Issue 2 (Spring 2011) (viewed April 19, 2012).
|
| 650 |
|
0 |
|a Factoring (Finance)
|v Periodicals.
|
| 650 |
|
0 |
|a Factoring services industry
|v Periodicals.
|
| 655 |
|
0 |
|a Electronic journals.
|
| 856 |
4 |
0 |
|z Full text available from Research Library: 01/01/2011 to present
|u https://search.proquest.com/publication/506298
|